000 00464nam a22001937a 4500
003 MPLRDC
005 20220104154109.0
008 210129b ||||| |||| 00| 0 eng d
020 _a962-451-062-8
082 _a857.63 QY v.23 c.3
100 _a琼瑶
245 _a女朋友
_c
250 _a初版
260 _a
_b皇冠出版社
_c1992
300 _b
490 _a琼瑶全集. 23
650 _a短篇小说--别集
942 _cBK
_o857.63 QY v.23 c.3
999 _c53792
_d53782